LIBRARY & INFORMATION CENTRE, KCAET, TAVANUR

ONLINE PUBLIC ACCESS CATALOGUE (OPAC)

Normal view MARC view
  • Dr. Sudheer K.P(Guide)

Entry Personal Name

Number of records used in: 1

001 - CONTROL NUMBER

  • control field: 6992

003 - CONTROL NUMBER IDENTIFIER

  • control field: OSt

005 - DATE AND TIME OF LATEST TRANSACTION

  • control field: 20250123124109.0

008 - FIXED-LENGTH DATA ELEMENTS

  • fixed length control field: 250123|| aca||aabn | a|a d

040 ## - CATALOGING SOURCE

  • Original cataloging agency: OSt
  • Transcribing agency: OSt

100 ## - HEADING--PERSONAL NAME

  • Personal name: Dr. Sudheer K.P(Guide)

670 ## - SOURCE DATA FOUND

  • Source citation: Work cat.: (OSt)15536: POOJA M.R 3819, Development and evaluation of process protocol for vacuum fried bitter gourd chips (Momordica charantia), 2018
free website counter